| 000 | 01181nam a22003494a 4500 | ||
|---|---|---|---|
| 001 | 94789 | ||
| 005 | 20230410132800.0 | ||
| 008 | 070305s2006 sp ab b f000 0 spa | ||
| 010 | _a 2008367512 | ||
| 035 | _a(OCoLC)ocn247450768 | ||
| 040 |
_aDLC _cDLC |
||
| 020 | _a9788400084523 | ||
| 020 | _a8400084527 | ||
| 035 | _a(OCoLC)247450768 | ||
| 050 | 1 | 4 |
_aQC903 _b.C175 2006 |
| 049 | _aGRAL | ||
| 245 | 0 | 0 |
_aCambio global : _bimpacto de la actividad humana sobre el sistema tierra / _cCarlos M. Duarte (coord.) ; Sergio Alonso ... [et al.]. |
| 260 |
_aMadrid : _bConsejo Superior de Investigaciones Cientâificas, _cc2006 _g(2007 printing) |
||
| 300 |
_a166 p. : _bcol ill., col. maps ; _c21 cm. |
||
| 490 | 0 |
_aColecciâon Divulgaciâon ; _v1 |
|
| 504 | _aIncludes bibliographical references. | ||
| 650 | 0 | _aGlobal temperature changes. | |
| 650 | 0 | _aGlobal environmental change. | |
| 650 | 0 | _aGlobal warming. | |
| 650 | 0 | _aClimatic changes. | |
| 650 | 0 |
_aNature _xEffect of human beings on. |
|
| 700 | 1 | _aDuarte, Carlos M. | |
| 710 | 2 | _aConsejo Superior de Investigaciones Cientâificas (Spain) | |
| 942 |
_2lcc _cbk |
||
| 946 | _amfcruz | ||
| 994 |
_aC0 _bDRFGD |
||
| 999 |
_c87646 _d87646 |
||